000 01021nam a22003017a 4500
001 BR2011005116
003 BR-BrBNA
005 20230928103748.0
007 ta
008 230509b bl.||||| |||| 00| 0 por d
040 _aBR-BrBNA
_bpor
_cBiblioteca Nacional de Agricultura
041 _a(Por)
072 _aE14
090 _ E14 BR2011005116
110 1 _aCampo Consultoria e Agronegócios, Brasília, DF (Brasil)
_91338
245 1 _aProjeto integração lavoura pecuária: apostila do curso de capacitação técnica na integração lavoura pecuária no sistema de plantio direto
_bConvênio: 420013200500139/SDC/MAPA
260 3 _aBrasília, DF (Brasil):
_c[nd].
300 _a198 p.
500 _aCD-ROM.; includes several bibliographies.; published 2006?; 31 illus.; 18 graphs.; 51 tables
650 _aINTEGRAÇÃO
650 _aLAVOURA
650 _aPECUÁRIA
650 _aSOLO
650 _aPASTAGEM
650 _aPARASITO DE ANIMAL
909 _a202309
_bLucia
_c55
_dLucia Elande
942 _cBK
999 _c76507
_d76507